U.S. Presidents Quiz - 2 minute sprint - Statistics

General Stats
  • This quiz has been taken 53 times
    38 since last reset
  • The average score is 39 of 45
Answer Stats
Term President % Correct
2009-2017 Barack Obama
100%
2017-2021, 2025- Donald Trump
100%
1933-1945 Franklin D. Roosevelt
100%
1989-1993 George H.W. Bush
100%
1789-1797 George Washington
100%
2001-2009 George W. Bush
100%
2021-2025 Joe Biden
100%
1797-1801 John Adams
100%
1825-1829 John Quincy Adams
100%
1969-1974 Richard Nixon
100%
1901-1909 Theodore Roosevelt
100%
1861-1865 Abraham Lincoln
95%
1829-1837 Andrew Jackson
95%
1865-1869 Andrew Johnson
95%
1993-2001 Bill Clinton
95%
1945-1953 Harry Truman
95%
1961-1963 John F. Kennedy
95%
1963-1969 Lyndon B. Johnson
95%
1981-1989 Ronald Reagan
95%
1953-1961 Dwight D. Eisenhower
89%
1974-1977 Gerald R. Ford
89%
1809-1817 James Madison
89%
1885-1889, 1893-1897 Grover Cleveland
84%
1977-1981 Jimmy Carter
84%
1837-1841 Martin Van Buren
84%
1801-1809 Thomas Jefferson
84%
1889-1893 Benjamin Harrison
79%
1923-1929 Calvin Coolidge
79%
1857-1861 James Buchanan
79%
1845-1849 James K. Polk
79%
1817-1825 James Monroe
79%
1841-1845 John Tyler
79%
1869-1877 Ulysses S. Grant
79%
1841 William Henry Harrison
79%
1897-1901 William McKinley
79%
1909-1913 William Taft
79%
1913-1921 Woodrow Wilson
79%
1877-1881 Rutherford B. Hayes
74%
1849-1850 Zachary Taylor
74%
1853-1857 Franklin Pierce
68%
1929-1933 Herbert Hoover
68%
1881 James Garfield
68%
1921-1923 Warren Harding
68%
1881-1885 Chester A. Arthur
63%
1850-1853 Millard Fillmore
63%
No matching quizzes found
Score Distribution
Percent of People with Each Score
Percentile by Number Answered
Your Score History
You have not taken this quiz since the last reset